| LEADER | 00610nam a2200193 a 4500 | ||
|---|---|---|---|
| 001 | TVCDKTCT73 | ||
| 003 | Thư viện trường Cao đẳng Kỹ thuật Cao Thắng | ||
| 005 | 20050729000000 | ||
| 008 | 050729 | ||
| 980 | \ | \ | |a Thư viện Trường CĐ Kỹ Thuật Cao Thắng |
| 024 | |a RG_1 #1 eb0 i1 | ||
| 041 | 0 | # | |a vie |
| 082 | # | # | |a 629.2 / |b H531H-t |
| 100 | 1 | # | |a Ngô Thành Bắc |
| 245 | 0 | 0 | |a Ô tô các nước tư bản / |c Ngô Thành Bắc |
| 250 | # | # | |a In lần thứ 1 |
| 260 | # | # | |a H. : |b Công nhân kỹ thuật , |c 1986 |
| 300 | # | # | |a 165tr. ; |c 25 cm |
| 650 | # | 4 | |a Ô tô |